| 000 | 00603nam a2200205Ia 4500 | ||
|---|---|---|---|
| 999 |
_c43924 _d43924 |
||
| 005 | 20240530104002.0 | ||
| 008 | 140319s9999 xx 000 0 ara d | ||
| 017 | _bمصر. دار الكتب | ||
| 040 |
_aGCL / _cGCL |
||
| 082 | 0 | 4 |
_a301.161 _bغ ع _221 |
| 100 | 1 | _aغريب سيد احمد | |
| 245 | 1 | 0 |
_aعلم اجتماع الاتصال والاعلام / _cغريب سيد احمد |
| 300 | _a316 | ||
| 490 |
_a100 قصة _v0 |
||
| 650 | 0 | 4 |
_aالاجتماع _2qrmak |
| 650 | 0 | 4 |
_aالاتصال _2qrmak |
| 650 | 0 | 4 |
_aرسائل الاعلام _2qrmak |
| 651 | _2qrmak | ||
| 942 |
_2ddc _cBK |
||